000 00417nab a2200145Ia 4500
003 ES-SlBCS
005 20210601124412.0
008 140529s1967 xxu||||| |||| 00| 0 eng d
041 _aeng
100 1 _aWelch, Cyril
_9141504
245 0 4 _aThe Euthyphro and the Forms
_c Cyril Welch
650 0 4 _aEutifro
_9141506
773 0 _tGiornali di Metafisica
_gvol. 22, nº. 2-3, 1967, págs. 228-244
_w0017-0372
942 _cAR
999 _c514221
_d514221